Представление документа в формате MARC21

Поле Инд. ПП Название Значение
Тип записи a
Библиографический уровень b
001 Контрольный номер RU/IS/BASE/141389927
005 Дата корректировки 20200608194401.6
084 a Индекс другой классификации/Индекс ББК 66.1(4Гем)5-194
a Индекс другой классификации/Индекс ББК 60.001(4Гем)5; 66.01
100 1_ a Автор Бутенко А. П.
245 a Заглавие Почему у нас не получился социализм в XX столетии?
600 a Персоналии Маркс Карл
650 a Основная рубрика история политических учений
a Основная рубрика история философии
a Основная рубрика политика
a Основная рубрика политическая философия (философия политики)
a Основная рубрика социальная философия
a Основная рубрика философия
653 a Ключевые слова "Экономические рукописи"
a Ключевые слова XIX век
a Ключевые слова Германия
a Ключевые слова марксистский социализм
a Ключевые слова политические учения
a Ключевые слова социализм
773 t Заглавие источника Социально-гуманитарные знания
d Дата издания источника 2001
g Прочая информация № 3. - С. 222 - 241
w Контрольный № источника RU/IS/BASE/139676203
901 t Тип документа b